| 000 | 00729ngm a2200193 i 4500 | ||
|---|---|---|---|
| 001 | bg | ||
| 245 | 0 | 0 |
_aZasady bezpiecznej ścinki drzew / _cOśrodek Rozwojowo-Wdrożeniowy Lasów Państwowych w Bedoniu. |
| 260 |
_aAndrespol : _bLeśne Studio Filmowe ORWLP w Bedoniu, _c1996. |
||
| 300 |
_a1 kas. wiz. (38 min) : _bdźw., kolor. |
||
| 490 | 1 | _vC-18 | |
| 650 | 9 |
_aLeśnictwo _xbezpieczeństwo i higiena pracy |
|
| 655 | _aDokumenty audiowizualne | ||
| 040 | _cBPK | ||
| 041 | 0 | _apol | |
| 080 | _a630(086.8) | ||
| 942 | _cTW | ||
| 008 | s pl f |000 0 pol | ||
| 999 |
_c35285 _d35285 |
||
| 856 |
_uhttp://koha.tu.koszalin.pl/cgi-bin/koha/opac-detail.pl?biblionumber=35285 _yKatalog online BPK |
||